| 000 | nam a22 7a 4500 | ||
|---|---|---|---|
| 999 |
_c174630 _d174630 |
||
| 003 | Nust | ||
| 005 | 20170203172742.0 | ||
| 008 | 170203b xxu||||| |||| 00| 0 eng d | ||
| 020 | _a9781840224061 | ||
| 040 | _cNust | ||
| 082 |
_a823.912 _bDOY |
||
| 100 | _a Conan Doyle | ||
| 245 |
_aTales of Unease. _cby Conan Doyle: |
||
| 260 |
_aLondon _bWordsworth _c2000 |
||
| 300 | _a208 p. | ||
| 650 |
_aHorror tales, English _xFiction |
||
| 942 |
_2ddc _cBK |
||